| 000 | 00824nam a2200241Ii 4500 | ||
|---|---|---|---|
| 001 | 41981 | ||
| 005 | 20250915190501.0 | ||
| 008 | 241108s9999||||xx |||||||||||||| ||und|| | ||
| 020 | _a8476341539 | ||
| 040 |
_aCO-ViMGA _bspa _erda _cCO-ViMGA |
||
| 082 | 0 | 4 |
_aR 923.143 M19h _223 _bM19h |
| 100 | 1 |
_aMayda, Giuseppe _964951 |
|
| 245 | 1 | 0 |
_aHitler / _cGiuseppe Mayda ; traducción de Diorki, traductores |
| 264 | 1 |
_aMadrid, España : _bOrbis _c1985 |
|
| 300 |
_a63 páginas _bfotos blanco y negro _c29 cm |
||
| 336 |
_atexto _btxt _2rdacontenido |
||
| 337 |
_ano mediado _bn _2rdamedio |
||
| 338 |
_avolume _bnc _2rdasoporte |
||
| 490 |
_aLos grandes protaginistas de la segunda Guerra Mundial _vnumero 3 |
||
| 651 | 4 |
_aAlemania _xHistoria _y1918-1933 _964955 |
|
| 651 | 4 |
_aAlemania _xHistoria _y1933-1945 _964954 |
|
| 942 |
_cBK _2ddc |
||
| 999 |
_c41981 _d41981 |
||